000 00614nam a2200229Ia 4500
008 101110s9999 xx 000 0 und d
041 _aENGLISH
082 _bSR25803
100 _aHearn Donald and Baker M.Pauline
245 _aComputer graphics, 2nd edition
260 _c2004
_bPrentice Hall of India, New delhi
300 _a652
365 _b425
520 _aComputer
520 _aSent to Computer Dept.,dt.30/7/04
546 _aENGLISH
630 _aComputer graphics, 2nd edition
650 _aComputer
655 _aComputer
730 _aComputer graphics, 2nd edition
942 _cBOOK
999 _c818412
_d818409